01270nam a2200277 4500001000400000003000400004005001700008008004100025020001500066040000800081041001300089082001700102100002700119240002700146245007300173260004400246300001100290520056500301650002500866650001900891650001000910650001300920655001200933655001600945700003100961234OSt20250528074015.0250205b |||||||j |||| 00| 1 eng d a8571644616 bpor hengapor a028.5bF297h1 aFeiffer, Jules,d1929- aThe man in the celling aO homem no teto /cFeiffer, Jules ; Tradução de Carlos Sussekind aSão PaulobCompanhia das Letrasc1995 a195 p. aO homem no teto é um prazer a que não estamos acostumados: um livro para jovens escrito numa relação de igualdade com os leitores. O humor característico de Feiffer e a percepção penetrante como um laser com que ele desvenda o mecanismo de motivações das pessoas - marcas registradas de toda a sua obra - estão luminosamente presentes neste livro. O homem no teto capta com a pontaria certeira de um soco do Batman as primeiras manifestações apaixonadas da sensibilidade em formação de um garoto criador de histórias em quadrinhos 0aLiteratura Americana 0aInfantojuvenil 0aHumor 0aLúdico 0aRomance 0aFicção  aCarlos SussekindeTradutor